| 000 | 00506nam a22001937a 4500 | ||
|---|---|---|---|
| 003 | CEME | ||
| 005 | 20210628202824.0 | ||
| 008 | 210118b xxu||||| |||| 00| 0 eng d | ||
| 020 | _a0-534-36723-2 | ||
| 040 | _c. | ||
| 082 | _a371.425 ZUN | ||
| 100 |
_aZunker, Vernon .G _961803 |
||
| 245 | _aCareer counseling, applied concepts of life planning | ||
| 250 | _a6TH | ||
| 260 |
_aAUSTRAILA _bTHOMSON LEARNING _c2002 |
||
| 300 | _aXVI,668 P | ||
| 650 |
_aVOCATIONAL GUIDANCE. _94031 |
||
| 942 |
_cBK _2ddc |
||
| 999 |
_c571128 _d571128 |
||